Hammer Energy Calibration of Standard Peneration Test (Record no. 554095)
[ view plain ]
| 000 -LEADER | |
|---|---|
| fixed length control field | 00343nam a22001337a 4500 |
| 082 ## - DEWEY DECIMAL CLASSIFICATION NUMBER | |
| Classification number | P-795 |
| 100 ## - MAIN ENTRY--PERSONAL NAME | |
| Personal name | Capt Hilmi |
| 9 (RLIN) | 51401 |
| 245 ## - TITLE STATEMENT | |
| Title | Hammer Energy Calibration of Standard Peneration Test |
| 260 ## - PUBLICATION, DISTRIBUTION, ETC. | |
| Place of publication, distribution, etc. | Risalpur, |
| Name of publisher, distributor, etc. | MCE, |
| Date of publication, distribution, etc. | 2018. |
| 300 ## - PHYSICAL DESCRIPTION | |
| Extent | 66p |
| 526 ## - STUDY PROGRAM INFORMATION NOTE | |
| Program name | 0 |
| Interest level | 0 |
| Reading level | 0 |
| Title point value | P_795 |
| 700 ## - ADDED ENTRY--PERSONAL NAME | |
| Personal name | Lt Col Dr Mazhar Iqbal |
| 9 (RLIN) | 51402 |
| 942 ## - ADDED ENTRY ELEMENTS (KOHA) | |
| Source of classification or shelving scheme | |
| Koha item type | Book |
| Withdrawn status | Lost status | Source of classification or shelving scheme | Damaged status | Not for loan | Permanent Location | Current Location | Date acquired | Total Checkouts | Full call number | Barcode | Date last seen | Date last checked out | Copy number | Price effective from | Koha item type |
|---|---|---|---|---|---|---|---|---|---|---|---|---|---|---|---|
| Military College of Engineering (MCE) | Military College of Engineering (MCE) | 09/11/2018 | 2 | P-795 | MCE-P-795 | 11/18/2019 | 09/30/2019 | 1 | 09/11/2018 | Book |
